[Event "SUI-chT"]
[Site "Switzerland"]
[Date "2023.04.16"]
[Round "1.6"]
[White "Becker, Dirk"]
[Black "Good, Daniel"]
[Result "1-0"]
[WhiteElo "2280"]
[BlackElo "2174"]
[PlyCount "77"]
[EventDate "2023.04.16"]
[EventType "team-tourn"]
[EventRounds "9"]
[EventCountry "SUI"]
[SourceTitle "CBM 213 Extra"]
[Source "ChessBase"]
[SourceDate "2023.05.31"]
[SourceVersion "1"]
[SourceVersionDate "2023.05.31"]
[SourceQuality "1"]
[WhiteTeam "Trubschachen"]
[BlackTeam "Wollishofen"]
[WhiteTeamCountry "SUI"]
[BlackTeamCountry "SUI"]

1. d4 d5 2. Bf4 c5 3. e3 Nc6 4. Nc3 Bf5 5. g4 Bg6 6. Nf3 e6 7. Be2 a6 8. 0-0 Bd6 9. dxc5 Bxc5 10. Na4 Be7 11. Nd4 Rc8 12. Nxc6 Rxc6 13. c4 Nf6 14. g5 Ne4 15. cxd5 exd5 16. h4 0-0 17. Nc3 Nxc3 18. bxc3 Rxc3 19. Qd4 Ra3 20. Bf3 Rd3 21. Qb2 b5 22. a4 b4 23. Rad1 Qa5 24. h5 Be4 25. Be2 Rc3 26. f3 Bf5 27. Rf2 Rfc8 28. Qd2 Be6 29. Be5 Qxa4 30. f4 Rc2 31. Qd3 Bc5 32. f5 Bd7 33. g6 Rxe2 34. Rxe2 Bxf5 35. gxf7+ Kf8 36. Qxd5 b3 37. Bxg7+ Kxg7 38. Qxf5 b2 39. Rg2+ 1-0

[Event "SUI-chT"]
[Site "Switzerland"]
[Date "2015.06.28"]
[Round "5.8"]
[White "Good, Daniel"]
[Black "Widmer, Simon"]
[Result "1/2-1/2"]
[WhiteElo "2211"]
[BlackElo "2230"]
[PlyCount "165"]
[EventDate "2015.03.29"]
[EventType "team-tourn"]
[EventRounds "9"]
[EventCountry "SUI"]
[SourceTitle "EXT 2016"]
[Source "ChessBase"]
[SourceDate "2015.10.08"]
[SourceVersion "1"]
[SourceVersionDate "2015.10.08"]
[SourceQuality "1"]
[WhiteTeam "Wollishofen"]
[BlackTeam "Reti"]
[WhiteTeamCountry "SUI"]
[BlackTeamCountry "SUI"]

1. e4 c5 2. c3 d5 3. exd5 Qxd5 4. d4 Nf6 5. Nf3 Bg4 6. Be2 e6 7. h3 Bh5 8. 0-0 Nc6 9. Be3 cxd4 10. cxd4 Be7 11. Nc3 Qd6 12. Qb3 0-0 13. Rfd1 Rfd8 14. Rac1 Qb4 15. Qxb4 Nxb4 16. g4 Bg6 17. Ne5 Nfd5 18. Nxg6 hxg6 19. Nxd5 Nxd5 20. Bf3 Rac8 21. Kf1 Bf6 22. Ke2 Kf8 23. Be4 g5 24. Rxc8 Rxc8 25. Bxd5 exd5 26. Kd3 Ke7 27. h4 Kd7 28. hxg5 Be7 29. Rh1 g6 30. Rh7 Ke6 31. Bd2 Rg8 32. Rh3 Kd7 33. Rh7 Ke6 34. Bf4 Rc8 35. Rh1 Kd7 36. Bd2 Rc6 37. Rh7 Ke8 38. Rh8+ Kd7 39. Rh7 Ke8 40. Rh3 Ra6 41. a3 Rb6 42. Kc2 Rc6+ 43. Kd3 Rb6 44. Kc2 Rc6+ 45. Kb1 Re6 46. Re3 Rxe3 47. Bxe3 Kd7 48. Kc2 a6 49. a4 Ke6 50. Kb3 Kd7 51. f4 Ke6 52. Kc2 Bd6 53. Bd2 Bc7 54. Kd3 Bd6 55. Ke3 Bf8 56. Ba5 Be7 57. Bc7 Bf8 58. Kd3 Be7 59. Bb6 Bd6 60. Ke3 Bb8 61. Bd8 Bd6 62. Bf6 Bc7 63. Be5 Ba5 64. Kd3 Be1 65. Bc7 Bh4 66. Ke3 Be1 67. Ke2 Bb4 68. Bb6 Bd6 69. Ke3 Bb8 70. Ba5 Bd6 71. Bd2 Be7 72. Kd3 Bd6 73. Kc3 Bf8 74. Kb3 Bd6 75. a5 Bc7 76. Ka4 Bd6 77. b4 Bb8 78. b5 Bd6 79. Be3 Bb8 80. Kb4 Bd6+ 81. Ka4 Bb8 82. Kb4 Bd6+ 83. Ka4 1/2-1/2

[Event "SUI-chT"]
[Site "Switzerland"]
[Date "2012.04.15"]
[Round "2.8"]
[White "Good, Daniel"]
[Black "Vuilleumier, Alexandre"]
[Result "1-0"]
[WhiteElo "2201"]
[BlackElo "2350"]
[PlyCount "73"]
[EventDate "2012.03.18"]
[EventType "team-tourn"]
[EventRounds "9"]
[EventCountry "SUI"]
[SourceTitle "EXT 2013"]
[Source "ChessBase"]
[SourceDate "2012.11.22"]
[SourceVersion "1"]
[SourceVersionDate "2012.11.22"]
[SourceQuality "1"]
[WhiteTeam "Wollishofen"]
[BlackTeam "Geneve"]
[WhiteTeamCountry "SUI"]
[BlackTeamCountry "SUI"]

1. e4 e5 2. Nf3 Nc6 3. Nc3 Nf6 4. d4 exd4 5. Nxd4 Bb4 6. Nxc6 bxc6 7. Bd3 d5 8. exd5 cxd5 9. 0-0 0-0 10. Bg5 c6 11. Na4 h6 12. Bh4 Rb8 13. c4 Be6 14. Rc1 Re8 15. cxd5 Bxd5 16. b3 Ba3 17. Rc2 Rb4 18. Bg3 Ne4 19. Bxe4 Rbxe4 20. Nc3 R4e6 21. Nxd5 Qxd5 22. Qxd5 cxd5 23. f3 Bb4 24. Rd1 Re2 25. Rxe2 Rxe2 26. a4 Rb2 27. Rxd5 Rxb3 28. Rb5 g5 29. Kf1 Rb1+ 30. Ke2 Rb2+ 31. Kd3 a5 32. Rb8+ Kh7 33. Ke4 Kg6 34. Rb6+ Kh5 35. Bf2 g4 36. Be3 f6 37. Rxf6 1-0

[Event "SUI-chT"]
[Site "Switzerland"]
[Date "2009.10.18"]
[Round "9.7"]
[White "Good, Daniel"]
[Black "Rusev, Aleksandar"]
[Result "0-1"]
[WhiteElo "2209"]
[BlackElo "2237"]
[PlyCount "60"]
[EventDate "2009.02.22"]
[EventType "team-tourn"]
[EventRounds "9"]
[EventCountry "SUI"]
[SourceTitle "EXT 2011"]
[Source "ChessBase"]
[SourceDate "2010.11.26"]
[SourceVersion "1"]
[SourceVersionDate "2010.11.26"]
[SourceQuality "1"]
[WhiteTeam "Wollishofen"]
[BlackTeam "Luzern"]
[WhiteTeamCountry "SUI"]
[BlackTeamCountry "SUI"]

1. e4 c5 2. c3 d5 3. exd5 Qxd5 4. d4 Nc6 5. Nf3 Bg4 6. Be2 0-0-0 7. 0-0 e6 8. Bf4 Bd6 9. Bxd6 Qxd6 10. dxc5 Qxc5 11. Qa4 Nf6 12. Na3 Kb8 13. Rac1 e5 14. b4 Qb6 15. Nc4 Qc7 16. b5 e4 17. bxc6 exf3 18. gxf3 Bh3 19. Rb1 b6 20. Ne3 Bxf1 21. Bxf1 Nd5 22. Nxd5 Rxd5 23. f4 Rf5 24. Bg2 Rxf4 25. Qb5 Rg4 26. Rd1 Rc8 27. Rd7 Qxc6 28. Qxc6 Rxc6 29. h3 Rg5 30. Rxf7 Rcg6 0-1

[Event "SUI-chT"]
[Site "Switzerland"]
[Date "2008.09.06"]
[Round "6.8"]
[White "Good, Daniel"]
[Black "Gantner, Matthias"]
[Result "1/2-1/2"]
[WhiteElo "2178"]
[BlackElo "2260"]
[PlyCount "53"]
[EventDate "2008.03.02"]
[EventType "team-tourn"]
[EventRounds "9"]
[EventCountry "SUI"]
[SourceTitle "EXT 2009"]
[Source "ChessBase"]
[SourceDate "2008.11.26"]
[SourceVersion "1"]
[SourceVersionDate "2008.11.26"]
[SourceQuality "1"]
[WhiteTeam "Wollishofen"]
[BlackTeam "Bern"]
[WhiteTeamCountry "SUI"]
[BlackTeamCountry "SUI"]

1. e4 c6 2. c4 d5 3. exd5 cxd5 4. cxd5 Nf6 5. Nc3 Nxd5 6. Nf3 Nc6 7. Bb5 Qd6 8. 0-0 g6 9. Qb3 Be6 10. Ne4 Qb4 11. Qxb4 Ndxb4 12. Nd4 Bd7 13. Nxc6 Bxc6 14. Bxc6+ Nxc6 15. b3 Bg7 16. Rb1 0-0 17. Ba3 Rfd8 18. Rbc1 Nd4 19. Rc4 e6 20. Re1 Rd5 21. Kf1 a5 22. Be7 Nc6 23. Bf6 Kf8 24. Bg5 h6 25. Be3 Nd4 26. Rc7 b5 27. Rec1 1/2-1/2

[Event "SUI-chT"]
[Site "Switzerland"]
[Date "2004.04.18"]
[Round "3.8"]
[White "Nideroest, Bruno"]
[Black "Good, Daniel"]
[Result "1/2-1/2"]
[WhiteElo "2276"]
[BlackElo "2140"]
[PlyCount "98"]
[EventDate "2004.02.29"]
[EventType "team-tourn"]
[EventRounds "9"]
[EventCountry "SUI"]
[SourceTitle "EXT 2005"]
[Source "ChessBase"]
[SourceDate "2004.11.15"]
[SourceVersion "1"]
[SourceVersionDate "2004.11.15"]
[SourceQuality "1"]
[WhiteTeam "Bern"]
[BlackTeam "Wollishofen"]
[WhiteTeamCountry "SUI"]
[BlackTeamCountry "SUI"]

1. d4 d5 2. Nf3 Nf6 3. Bf4 c6 4. e3 Bf5 5. c4 e6 6. Nc3 Nbd7 7. Qb3 Qc8 8. Nh4 Bg6 9. Rc1 Be7 10. Nxg6 hxg6 11. cxd5 Nxd5 12. Nxd5 exd5 13. Bd3 Nf6 14. 0-0 Qd7 15. Rfd1 0-0 16. f3 Rfe8 17. Bb1 Bf8 18. Be5 Re6 19. e4 Rd8 20. h3 Be7 21. a3 Ne8 22. Bg3 Nf6 23. e5 Nh7 24. f4 f5 25. exf6 Bxf6 26. Bf2 Qf7 27. Qd3 Nf8 28. Re1 Rde8 29. g3 R8e7 30. Kf1 Qe8 31. Rxe6 Rxe6 32. Re1 Kf7 33. g4 Rxe1+ 34. Bxe1 Qe6 35. Bf2 Bd8 36. Qf3 Bc7 37. f5 gxf5 38. Bxf5 Qf6 39. Kg2 Kg8 40. Bc8 Qd8 41. Bxb7 Qd7 42. Ba6 Ne6 43. Be3 Qd6 44. Bc8 Qh2+ 45. Kf1 Nf4 46. Bd7 g5 47. Bxc6 Qxb2 48. Bxd5+ Kg7 49. Bxf4 Bxf4 1/2-1/2